000 00591nam a22001697a 4500
005 20260218145437.0
008 260218b |||||||| |||| 00| 0 eng d
020 _a9789387791268
040 _cVITAP
082 _223
_a796.355092 CHA
100 _aChand, Dhyan
_917105
245 _aGOAL
_b: An Autobiography with Hockey Hints
_c/ Dhyan Chand
260 _aChennai
_bTHG Publishing Pvt Ltd.
_c2024
300 _a261p, ill.: 21cm
650 0 _aEarly Life & Background, Rise in Indian Hockey, Olympic Achievements, Hockey Techniques & Hints, International Tours etc.
_917107
942 _2ddc
_cBK
999 _c47285
_d47285